[Event "4NCL 2021-22"]
[Site "England"]
[Date "2022.03.27"]
[Round "6.54"]
[White "Stewart, Ashley"]
[Black "Graham, David B"]
[Result "1-0"]
[WhiteElo "2062"]
[BlackElo "2128"]
[Annotator "NA"]
[PlyCount "131"]
[EventDate "2021.11.27"]
[EventType "team-tourn"]
[EventCountry "ENG"]
[SourceTitle "playchess.com"]
[Source "ChessBase"]
[SourceQuality "1"]
[TimeControl "40/6000+30:3000+30"]

1. c4 {[%emt 0:00:04]} g6 {[%emt 0:00:04]} 2. Nc3 {[%emt 0:00:33]} Bg7 {[%emt 0:00:06]} 3. g3 {[%emt 0:00:11]} d6 {[%emt 0:00:11]} 4. Bg2 {[%emt 0:00:25]} c5 {[%emt 0:00:12]} 5. Nf3 {[%emt 0:00:23]} Nc6 {[%emt 0:00:11]} 6. O-O {[%emt 0:00:27]} e6 {[%emt 0:01:11]} 7. a3 {[%emt 0:00:49]} Nge7 {[%emt 0:00:29]} 8. Rb1 {[%emt 0:01:04]} O-O {[%emt 0:00:24]} 9. b4 {[%emt 0:00:46]} b6 {[%emt 0:01:10]} 10. Qa4 {[%emt 0:02:54]} Bb7 {[%emt 0:03:13]} 11. Bb2 {[%emt 0:00:44]} Qd7 {[%emt 0:04:24]} 12. e3 {[%emt 0:06:54]} Rfd8 {[%emt 0:02:53]} 13. d3 {[%emt 0:33:07]} Rac8 {[%emt 0:16:49]} 14. Ne4 {[%emt 0:00:00]} Ne5 {[%emt 0:19:01]} 15. Qxd7 {[%emt 0:00:00]} Rxd7 {[%emt 0:00:09]} 16. Nxe5 {[%emt 0:08:41]} dxe5 {[%emt 0:00:21]} 17. bxc5 {[%emt 0:03:43]} Bxe4 {[%emt 0:03:54]} 18. Bxe4 {[%emt 0:01:03]} bxc5 {[%emt 0:07:42]} 19. Rfd1 {[%emt 0:12:12]} Rcd8 {[%emt 0:02:20]} 20. Bc3 {[%emt 0:05:45]} f5 {[%emt 0:04:00]} 21. Ba5 {[%emt 0:02:35]} Rf8 {[%emt 0:13:39]} 22. Bg2 {[%emt 0:03:47]} f4 {[%emt 0:05:04]} 23. Be4 {[%emt 0:06:54]} fxe3 {[%emt 0:03:14]} 24. fxe3 {[%emt 0:00:01]} Bh6 {[%emt 0:00:31]} 25. Bd2 {[%emt 0:03:08]} Nf5 {[%emt 0:00:20]} 26. Re1 {[%emt 0:00:54]} Rfd8 {[%emt 0:08:25]} 27. g4 {[%emt 0:05:36]} Nd6 {[%emt 0:01:17]} 28. Bc6 {[%emt 0:00:07]} Rf7 {[%emt 0:02:02]} 29. Ba5 {[%emt 0:04:01]} Rdf8 {[%emt 0:03:16]} 30. Re2 {[%emt 0:00:44]} e4 {[%emt 0:03:40]} 31. Bxe4 {[%emt 0:01:00]} Nxe4 {[%emt 0:00:05]} 32. dxe4 {[%emt 0:00:01]} Rd7 {[%emt 0:01:01]} 33. Rb3 {[%emt 0:01:10]} Rd1+ {[%emt 0:00:32]} 34. Re1 {[%emt 0:01:32]} Rfd8 {[%emt 0:01:42]} 35. Rxd1 {[%emt 0:04:53]} Rxd1+ {[%emt 0:00:05]} 36. Kf2 {[%emt 0:00:19]} Bg5 {[%emt 0:02:56]} 37. Ke2 {[%emt 0:01:51]} Rh1 {[%emt 0:01:06]} 38. Bc7 {[%emt 0:00:31]} Rg1 {[%emt 0:01:04]} 39. Kf3 {[%emt 0:00:36]} Rf1+ {[%emt 0:00:23]} 40. Ke2 {[%emt 0:00:24]} Rg1 {[%emt 0:00:40]} 41. Bg3 {[%emt 0:13:19]} Rc1 {[%emt 0:08:52]} 42. Rb8+ {[%emt 0:09:39]} Kg7 {[%emt 0:02:21]} 43. Rb7+ {[%emt 0:02:35]} Kg8 {[%emt 0:00:52]} 44. Kd3 {[%emt 0:02:17]} Rd1+ {[%emt 0:03:50]} 45. Kc2 {[%emt 0:01:52]} Rd8 {[%emt 0:00:08]} 46. Rxa7 {[%emt 0:05:50]} Bxe3 {[%emt 0:01:50]} 47. a4 {[%emt 0:04:03]} Rd2+ {[%emt 0:10:59]} 48. Kc3 {[%emt 0:00:19]} Ra2 {[%emt 0:00:26]} 49. Kb3 {[%emt 0:00:12]} Ra1 {[%emt 0:00:21]} 50. Be5 {[%emt 0:03:20]} Rb1+ {[%emt 0:04:18]} 51. Kc2 {[%emt 0:00:42]} Rc1+ {[%emt 0:01:53]} 52. Kd3 {[%emt 0:01:55]} Bd4 {[%emt 0:00:38]} 53. Bxd4 {[%emt 0:02:10]} Rd1+ {[%emt 0:00:04]} 54. Kc3 {[%emt 0:02:08]} cxd4+ {[%emt 0:02:40]} 55. Kb4 {[%emt 0:02:31]} Rb1+ {[%emt 0:03:15]} 56. Kc5 {[%emt 0:00:08]} e5 {[%emt 0:00:13]} 57. Rd7 {[%emt 0:01:26]} Ra1 {[%emt 0:00:30]} 58. Kb5 {[%emt 0:01:26]} Rb1+ {[%emt 0:00:07]} 59. Kc6 {[%emt 0:00:12]} Rb4 {[%emt 0:00:14]} 60. c5 {[%emt 0:00:44]} Rxa4 {[%emt 0:00:40]} 61. Kb5 {[%emt 0:01:06]} Ra1 {[%emt 0:01:23]} 62. c6 {[%emt 0:00:33]} Rb1+ {[%emt 0:00:19]} 63. Ka6 {[%emt 0:00:34]} Kf8 {[%emt 0:02:04]} 64. c7 {[%emt 0:00:52]} Ra1+ {[%emt 0:00:11]} 65. Kb5 {[%emt 0:00:15]} Rb1+ {[%emt 0:00:37]} 66. Ka4 {[%emt 0:00:18]} 1-0

[Event "4NCL 2021-22"]
[Site "England"]
[Date "2022.03.27"]
[Round "6.55"]
[White "Willson, Ollie"]
[Black "Chan, Nevil"]
[Result "1-0"]
[WhiteElo "2108"]
[BlackElo "2010"]
[Annotator "NA"]
[PlyCount "59"]
[EventDate "2021.11.27"]
[EventType "team-tourn"]
[EventCountry "ENG"]
[SourceTitle "playchess.com"]
[Source "ChessBase"]
[SourceQuality "1"]
[TimeControl "40/6000+30:3000+30"]

1. e4 {[%emt 0:03:14]} Nc6 {[%emt 0:15:08]} 2. d4 {[%emt 0:00:00]} e5 {[%emt 0:00:17]} 3. d5 {[%emt 0:00:19]} Nce7 {[%emt 0:01:00]} 4. Nf3 {[%emt 0:00:10]} Ng6 {[%emt 0:00:36]} 5. h4 {[%emt 0:00:03]} h5 {[%emt 0:01:15]} 6. g3 {[%emt 0:08:39]} Nf6 {[%emt 0:05:06]} 7. Bg5 {[%emt 0:02:31]} Bc5 {[%emt 0:06:06]} 8. Bg2 {[%emt 0:14:36]} d6 {[%emt 0:04:03]} 9. Qd3 {[%emt 0:11:49]} Nf8 {[%emt 0:05:54]} 10. Nbd2 {[%emt 0:03:51]} a6 {[%emt 0:06:22]} 11. c4 {[%emt 0:03:33]} N8h7 {[%emt 0:02:30]} 12. Be3 {[%emt 0:00:35]} Bxe3 {[%emt 0:10:47]} 13. Qxe3 {[%emt 0:00:03]} c6 {[%emt 0:00:33]} 14. O-O {[%emt 0:15:19]} c5 {[%emt 0:06:38]} 15. a3 {[%emt 0:15:30]} O-O {[%emt 0:07:18]} 16. b4 {[%emt 0:01:48]} b6 {[%emt 0:00:38]} 17. Qc3 {[%emt 0:00:42]} Bd7 {[%emt 0:02:24]} 18. bxc5 {[%emt 0:04:16]} bxc5 {[%emt 0:02:11]} 19. Rab1 {[%emt 0:03:48]} Qc7 {[%emt 0:05:08]} 20. Ne1 {[%emt 0:02:45]} Rfb8 {[%emt 0:06:25]} 21. Nd3 {[%emt 0:00:21]} Ne8 {[%emt 0:03:57]} 22. f4 {[%emt 0:05:10]} exf4 {[%emt 0:09:56]} 23. gxf4 {[%emt 0:02:51]} Rxb1 {[%emt 0:03:08]} 24. Rxb1 {[%emt 0:00:03]} Rb8 {[%emt 0:00:19]} 25. Rxb8 {[%emt 0:04:16]} Qxb8 {[%emt 0:00:01]} 26. Qa5 {[%emt 0:00:27]} Bg4 {[%emt 0:02:54]} 27. Kf2 {[%emt 0:04:22]} Bd1 {[%emt 0:01:36]} 28. Bh3 {[%emt 0:02:26]} Qc7 {[%emt 0:01:22]} 29. Qxc7 {[%emt 0:00:34]} Nxc7 {[%emt 0:00:01]} 30. e5 {[%emt 0:00:00]} 1-0

[Event "4NCL 2021-22"]
[Site "England"]
[Date "2022.03.27"]
[Round "6.56"]
[White "Gooding, Ian"]
[Black "Graham, Cassie M"]
[Result "1-0"]
[WhiteElo "1932"]
[BlackElo "1978"]
[Annotator "NA"]
[PlyCount "57"]
[EventDate "2021.11.27"]
[EventType "team-tourn"]
[EventCountry "ENG"]
[SourceTitle "playchess.com"]
[Source "ChessBase"]
[SourceQuality "1"]
[TimeControl "40/6000+30:3000+30"]

1. e4 {[%emt 0:00:03]} c5 {[%emt 0:00:09]} 2. Nf3 {[%emt 0:00:06]} d6 {[%emt 0:00:08]} 3. d4 {[%emt 0:00:05]} cxd4 {[%emt 0:00:07]} 4. Nxd4 {[%emt 0:00:05]} Nf6 {[%emt 0:00:11]} 5. Nc3 {[%emt 0:00:08]} g6 {[%emt 0:00:13]} 6. Be3 {[%emt 0:00:07]} Bg7 {[%emt 0:00:06]} 7. f3 {[%emt 0:00:06]} O-O {[%emt 0:00:13]} 8. Qd2 {[%emt 0:00:06]} Nc6 {[%emt 0:00:07]} 9. O-O-O {[%emt 0:00:06]} d5 {[%emt 0:00:30]} 10. Qe1 {[%emt 0:02:07]} e5 {[%emt 0:01:31]} 11. Nxc6 {[%emt 0:01:13]} bxc6 {[%emt 0:00:06]} 12. exd5 {[%emt 0:01:05]} Nxd5 {[%emt 0:00:40]} 13. Bc4 {[%emt 0:01:19]} Be6 {[%emt 0:04:27]} 14. Bc5 {[%emt 0:01:04]} Re8 {[%emt 0:06:08]} 15. Ne4 {[%emt 0:00:26]} a5 {[%emt 0:16:22]} 16. g4 {[%emt 0:04:28]} h6 {[%emt 0:11:47]} 17. h4 {[%emt 0:05:49]} Rb8 {[%emt 0:07:35]} 18. Bb3 {[%emt 0:13:37]} Rxb3 {[%emt 0:17:41]} 19. axb3 {[%emt 0:02:30]} Qa8 {[%emt 0:00:14]} 20. Ba3 {[%emt 0:20:34]} Nf6 {[%emt 0:07:58]} 21. g5 {[%emt 0:05:04]} Nd7 {[%emt 0:01:45]} 22. h5 {[%emt 0:03:08]} gxh5 {[%emt 0:12:54]} 23. gxh6 {[%emt 0:04:01]} Bxh6+ {[%emt 0:00:52]} 24. Kb1 {[%emt 0:00:05]} f5 {[%emt 0:15:46]} 25. Qg3+ {[%emt 0:00:56]} Kf7 {[%emt 0:00:39]} 26. Nd6+ {[%emt 0:01:06]} Kf6 {[%emt 0:00:05]} 27. Rxh5 {[%emt 0:00:31]} Rh8 {[%emt 0:01:46]} 28. Qh4+ {[%emt 0:01:12]} Kg7 {[%emt 0:00:13]} 29. Rg1+ {[%emt 0:00:52]} 1-0

[Event "4NCL 2021-22"]
[Site "England"]
[Date "2022.03.27"]
[Round "6.57"]
[White "Ratnesan, Ranesh"]
[Black "Kosten, Anthony C."]
[Result "1/2-1/2"]
[WhiteElo "2258"]
[BlackElo "2367"]
[Annotator "ChessBase"]
[PlyCount "63"]
[EventDate "2021.11.27"]
[EventType "team-tourn"]
[EventCountry "ENG"]
[SourceTitle "playchess.com"]
[Source "ChessBase"]
[SourceQuality "1"]
[TimeControl "40/6000+30:3000+30"]

1. d4 {[%emt 0:00:02]} Nf6 {[%emt 0:00:06]} 2. c4 {[%emt 0:00:07]} e6 {[%emt 0:00:07]} 3. Nf3 {[%emt 0:00:12]} Bb4+ {[%emt 0:00:36]} 4. Bd2 {[%emt 0:00:37]} Qe7 {[%emt 0:00:40]} 5. e3 {[%emt 0:01:02]} Bxd2+ {[%emt 0:02:30]} 6. Qxd2 {[%emt 0:01:34]} O-O {[%emt 0:00:38]} 7. Nc3 {[%emt 0:00:47]} d6 {[%emt 0:00:19]} 8. Bd3 {[%emt 0:11:24]} e5 {[%emt 0:00:34]} 9. Bc2 {[%emt 0:00:41]} Nbd7 {[%emt 0:14:11]} 10. O-O {[%emt 0:01:13]} Nb6 {[%emt 0:04:00]} 11. b3 {[%emt 0:03:51]} Bg4 {[%emt 0:00:38]} 12. Ng5 {[%emt 0:12:22]} h6 {[%emt 0:01:39]} 13. Nge4 {[%emt 0:00:43]} Nxe4 {[%emt 0:01:27]} 14. Bxe4 {[%emt 0:00:07]} c6 {[%emt 0:02:19]} 15. f3 {[%emt 0:09:07]} Bd7 {[%emt 0:02:06]} 16. Rae1 {[%emt 0:02:04]} f5 {[%emt 0:02:15]} 17. Bb1 {[%emt 0:03:08]} Rae8 {[%emt 0:02:17]} 18. f4 {[%emt 0:10:49]} e4 {[%emt 0:03:56]} 19. a4 {[%emt 0:05:36]} a5 {[%emt 0:04:02]} 20. d5 {[%emt 0:04:51]} c5 {[%emt 0:02:28]} 21. g4 {[%emt 0:02:45]} Qh4 {[%emt 0:06:31]} 22. Qg2 {[%emt 0:04:16]} Rf6 {[%emt 0:02:17]} 23. Qg3 {[%emt 0:02:58]} Qxg3+ {[%emt 0:02:25]} 24. hxg3 {[%emt 0:00:33]} Rg6 {[%emt 0:03:57]} 25. gxf5 {[%emt 0:00:21]} Bxf5 {[%emt 0:00:07]} 26. Kf2 {[%emt 0:01:17]} Nd7 {[%emt 0:00:27]} 27. Rh1 {[%emt 0:01:50]} Nf6 {[%emt 0:00:33]} 28. Reg1 {[%emt 0:00:40]} Bg4 {[%emt 0:02:22]} 29. Ke1 {[%emt 0:04:57]} Kf8 {[%emt 0:11:18]} 30. Bc2 {[%emt 0:00:53]} h5 {[%emt 0:03:24]} 31. Bd1 {[%emt 0:02:27]} Bxd1 {[%emt 0:04:13]} 32. Nxd1 {[%emt 0:00:38]} 1/2-1/2

[Event "4NCL 2021-22"]
[Site "England"]
[Date "2022.03.27"]
[Round "6.58"]
[White "Richardson, John R"]
[Black "Harakis, Alexis M"]
[Result "1/2-1/2"]
[WhiteElo "2272"]
[BlackElo "2264"]
[Annotator "TA"]
[PlyCount "173"]
[EventDate "2021.11.27"]
[EventType "team-tourn"]
[EventCountry "ENG"]
[SourceTitle "playchess.com"]
[Source "ChessBase"]
[SourceQuality "1"]

{[%evp 18,173,23,22,16,8,0,0,30,12,29,0,14,0,0,-8,0,0,0,-16,-4,-41,-36,-77,-16,-29,-10,-25,0,0,0,0,0,0,0,0,12,0,72,91,327,-220,-207,-216,-199,-441,-260,-287,-290,-268,-225,-375,-343,-375,-349,-723,-708,-643,-443,-400,-347,-478,-495,-1643,-1353,-1568,-1466,-29959,-5406,-29969,-6375,-4047,-812,-759,-774,-770,-739,-711,-620,-617,-565,-543,-249,-244,-216,-203,-36,-36,-45,-73,-60,-48,-55,-103,0,0,0,0,0,0,0,0,0,0,0,0,0,0,0,0,0,0,0,0,0,0,0,0,0,-37,-44,-159,0,0,0,0,0,0,0,0,0,-159,0,0,0,0,0,-159,0,0,0,0,0,0,0,0,0,0,0,0,0,0,0,0,0,0,0,0]} 1. d4 d5 2. c4 e6 3. Nc3 Nf6 4. cxd5 exd5 5. Bg5 c6 6. e3 h6 7. Bh4 Be7 8. Bd3 Nbd7 9. Qc2 O-O 10. Nge2 $1 {10.Nge2 is better than 10.Nf3.} a5 {D36: Queen's Gambit Declined: Exchange Variation: Main line (5 Bg5 c6 6 Qc2).} 11. f3 b5 12. O-O Bb7 {[#]} 13. Rad1 $146 ({Predecessor:} 13. Bf2 Rc8 14. e4 dxe4 15. Nxe4 Nd5 16. a3 N7f6 17. Nc5 Ba8 18. Bf5 Rc7 19. Rfe1 {1-0 (34) Napalkov,V (2409)-Fitzpatrick,S (2354) Australia 2002}) 13... Re8 14. h3 Rc8 15. Bf2 b4 16. Na4 c5 17. dxc5 Nxc5 {[%cal Ob4b3] And now ...b3! would win.} 18. Bf5 Ncd7 {[%cal Bc5d7,Bd7e5,Be5c4][%mdl 32]} 19. Qd2 Bc6 20. Bc2 (20. b3 $15 {deserves consideration.}) 20... Bb5 (20... Ne5 $17) 21. Rfe1 $1 $11 Ne5 22. Nd4 {[#]} Nc4 $1 23. Qe2 Bd7 24. b3 Bxa4 25. bxa4 Bc5 {[%cal Be7c5,Bc5a7,Ba7d4][%mdl 32]} 26. Bb3 Ba7 27. e4 dxe4 28. Bxc4 $16 {aiming for Nb5. This bishop pair is nice.} e3 $2 (28... exf3 $16 {might work better.} 29. Qd3 (29. Nxf3 Bxf2+ 30. Qxf2 Rxe1+ 31. Qxe1 Qb6+ 32. Qf2 Qxf2+ 33. Kxf2 Rxc4 $17) 29... Rxe1+ 30. Rxe1 fxg2) 29. Bg3 $4 {[%mdl 8192]} (29. Bxe3 $18 {Threatens to win with Bb5.} Rxe3 30. Bxf7+ $1 {[%mdl 512]} (30. Qxe3 $2 {too greedy.} Rxc4 31. Kh1 Bxd4 $19) 30... Kxf7 31. Qxe3) 29... Bxd4 $19 30. Bb5 Re6 31. Rd3 $2 (31. Bd3) 31... Rc3 (31... Nh5 $142 32. Bh2 Qh4) 32. Red1 Rxd3 33. Rxd3 Qb6 34. Kh1 (34. Bc4 $142 Rc6 35. Bb3) 34... Nd5 35. Bc4 Nc3 36. Qc2 (36. Qe1 Re8 37. Kg1) 36... Rc6 37. Qb3 Rf6 {[%cal Oc3e4] White must now prevent ...Ne4!} 38. Qc2 e2 39. Be1 {[%cal Re1c3]} Qc5 40. Bxc3 (40. Qd2 $142 Qxc4 41. Rxd4 Qxa2 42. Qd3) 40... Qxc4 {[%mdl 64] Pin} 41. Qxe2 bxc3 42. Qe8+ Kh7 43. Qe4+ Rg6 44. Qxd4 Qxd4 (44... Qxa2 $142 45. g4 c2) 45. Rxd4 {[%mdl 4096] Endgame KR-KR} Rc6 46. Rd1 Kg6 47. Kg1 Kf5 48. Kf2 c2 49. Rc1 Rc3 (49... Kf4 $142 50. g3+ Ke5) 50. Ke2 Kf4 51. Kd2 Rc7 (51... Ra3 $1 $19 {Hoping for ...Kg3.} 52. Rxc2 Kg3) 52. Rxc2 $15 Rxc2+ 53. Kxc2 {KP-KP} Kg3 54. Kd3 Kxg2 55. Kc4 $1 Kxf3 (55... h5 $17 56. Kb5 Kxh3 57. Kxa5 f5) 56. Kb5 $11 f5 57. Kxa5 {K3P-K3P} f4 58. Kb6 $1 Kg3 (58... Ke3 $5 59. a5 f3 $11) 59. a5 f3 60. a6 f2 61. a7 f1=Q {( -> ...Qf3)} ({Don't play} 61... Kxh3 $6 62. a8=Q f1=Q 63. Qc8+ Kh4 64. Qe6 $17) 62. a8=Q {KQ-KQ} Qf6+ ({Much worse is} 62... Kxh3 $6 63. Qc8+ Kh4 64. Qe6 $17) 63. Kb5 Qf1+ 64. Kb6 Kxh3 65. a4 $1 g5 {...g4 is the strong threat.} 66. a5 g4 {Strongly threatening ...g3.} 67. a6 g3 68. Qc8+ Kh2 69. Qg4 ({White should play} 69. Qc7 $15) 69... Qb1+ $2 (69... Qf6+ $1 $17 70. Kc7 g2 71. Qh5+ Kg3) 70. Kc7 Qc1+ 71. Kb8 Qb2+ 72. Kc7 Qc2+ 73. Kb8 Qb3+ 74. Kc7 $2 {[#]} (74. Kc8 $11) 74... Qf7+ $2 (74... g2 $1 $17 {[%cal Rg2g1]} 75. Qh4+ Qh3 76. Qxh3+ Kxh3) 75. Kb8 Qe8+ (75... g2 $5 76. Qh4+ Kg1 $11) 76. Kc7 Qe5+ 77. Kc6 $2 {[#]} (77. Kb7 $11) 77... Qc3+ $2 ({Better is} 77... Qf6+ $1 $17 78. Kd7 g2) 78. Kb7 {The position is equal.} g2 79. Qf4+ Kg1 80. a7 Qb2+ 81. Kc8 Qc3+ 82. Kb7 Qb3+ 83. Kc8 Qh3+ 84. Kb7 Qd7+ 85. Kb8 Qb5+ 86. Kc7 Qc5+ 87. Kb7 {Black had all chances to win.  Weighted Error Value: White=0.68/Black=0.53} 1/2-1/2

[Event "4NCL 2021-22"]
[Site "England"]
[Date "2022.03.27"]
[Round "6.59"]
[White "Merriman, John"]
[Black "Swindells, Jonathan E"]
[Result "1-0"]
[WhiteElo "2261"]
[BlackElo "2245"]
[Annotator "NA"]
[PlyCount "96"]
[EventDate "2021.11.27"]
[EventType "team-tourn"]
[EventCountry "ENG"]
[SourceTitle "playchess.com"]
[Source "ChessBase"]
[SourceQuality "1"]
[TimeControl "40/6000+30:3000+30"]

1. d4 {[%emt 0:00:46]} Nf6 {[%emt 0:00:04]} 2. c4 {[%emt 0:00:16]} g6 {[%emt 0:00:05]} 3. Nc3 {[%emt 0:00:06]} Bg7 {[%emt 0:00:03]} 4. e4 {[%emt 0:00:10]} d6 {[%emt 0:00:04]} 5. f3 {[%emt 0:00:47]} O-O {[%emt 0:00:08]} 6. Bg5 {[%emt 0:00:06]} c5 {[%emt 0:00:16]} 7. d5 {[%emt 0:00:08]} e6 {[%emt 0:06:53]} 8. Nge2 {[%emt 0:01:41]} h6 {[%emt 0:03:19]} 9. Be3 {[%emt 0:00:24]} exd5 {[%emt 0:00:07]} 10. cxd5 {[%emt 0:00:17]} a6 {[%emt 0:00:07]} 11. a4 {[%emt 0:00:51]} Re8 {[%emt 0:03:00]} 12. Qd2 {[%emt 0:02:58]} h5 {[%emt 0:00:14]} 13. Nc1 {[%emt 0:01:47]} Nbd7 {[%emt 0:00:14]} 14. Be2 {[%emt 0:07:25]} Nh7 {[%emt 0:20:11]} 15. Nd3 {[%emt 0:04:45]} Qe7 {[%emt 0:09:39]} 16. O-O {[%emt 0:10:39]} f5 {[%emt 0:08:34]} 17. Nf2 {[%emt 0:06:04]} h4 {[%emt 0:15:49]} 18. Bh6 {[%emt 0:11:26]} Bxh6 {[%emt 0:07:03]} 19. Qxh6 {[%emt 0:00:12]} Qg5 {[%emt 0:00:00]} 20. Qxg5 {[%emt 0:01:06]} Nxg5 {[%emt 0:00:04]} 21. exf5 {[%emt 0:21:56]} gxf5 {[%emt 0:00:17]} 22. f4 {[%emt 0:00:53]} Ne4 {[%emt 0:09:51]} 23. Nfxe4 {[%emt 0:11:42]} fxe4 {[%emt 0:00:06]} 24. f5 {[%emt 0:06:54]} Nf6 {[%emt 0:00:56]} 25. Rf4 {[%emt 0:03:30]} Kg7 {[%emt 0:00:06]} 26. Raf1 {[%emt 0:04:10]} Re5 {[%emt 0:00:22]} 27. Rxh4 {[%emt 0:00:43]} b5 {[%emt 0:09:17]} 28. axb5 {[%emt 0:04:08]} axb5 {[%emt 0:00:05]} 29. Bxb5 {[%emt 0:00:05]} Rxf5 {[%emt 0:05:38]} 30. Nxe4 {[%emt 0:06:42]} Rxf1+ {[%emt 0:00:06]} 31. Kxf1 {[%emt 0:00:29]} Ra1+ {[%emt 0:07:51]} 32. Kf2 {[%emt 0:00:18]} Rb1 {[%emt 0:00:20]} 33. Nxd6 {[%emt 0:00:25]} Rxb2+ {[%emt 0:00:04]} 34. Kf3 {[%emt 0:01:04]} Bg4+ {[%emt 0:03:18]} 35. Kf4 {[%emt 0:01:43]} Rxg2 {[%emt 0:00:33]} 36. Ne8+ {[%emt 0:01:01]} Nxe8 {[%emt 0:01:40]} 37. Bxe8 {[%emt 0:00:20]} Bc8 {[%emt 0:01:12]} 38. d6 {[%emt 0:00:41]} Rd2 {[%emt 0:00:19]} 39. Ke5 {[%emt 0:00:33]} Re2+ {[%emt 0:00:42]} 40. Re4 {[%emt 0:00:11]} Rxe4+ {[%emt 0:01:06]} 41. Kxe4 {[%emt 0:50:03]} Kf6 {[%emt 0:09:45]} 42. Kd5 {[%emt 0:00:00]} Be6+ {[%emt 0:00:18]} 43. Kxc5 {[%emt 0:00:00]} Bf5 {[%emt 0:00:04]} 44. Kc6 {[%emt 0:00:00]} Be4+ {[%emt 0:00:44]} 45. Kc7 {[%emt 0:00:00]} Bf5 {[%emt 0:00:04]} 46. Bd7 {[%emt 0:00:00]} Bc2 {[%emt 0:02:18]} 47. Bg4 {[%emt 0:00:00]} Ba4 {[%emt 0:00:05]} 48. Bf3 {[%emt 0:03:32]} Ke5 {[%emt 0:00:05]} 1-0

[Event "4NCL 2021-22"]
[Site "England"]
[Date "2022.03.27"]
[Round "6.60"]
[White "Baker, Chris W"]
[Black "Hand, Freddie"]
[Result "1-0"]
[WhiteElo "2258"]
[BlackElo "2181"]
[Annotator "NA"]
[PlyCount "67"]
[EventDate "2021.11.27"]
[EventType "team-tourn"]
[EventCountry "ENG"]
[SourceTitle "playchess.com"]
[Source "ChessBase"]
[SourceQuality "1"]
[TimeControl "40/6000+30:3000+30"]

1. e4 {[%emt 0:00:13]} e5 {[%emt 0:00:11]} 2. Bc4 {[%emt 0:01:11]} Nf6 {[%emt 0:00:31]} 3. d3 {[%emt 0:00:50]} Nc6 {[%emt 0:02:18]} 4. Nf3 {[%emt 0:01:23]} Be7 {[%emt 0:00:26]} 5. O-O {[%emt 0:00:28]} O-O {[%emt 0:00:40]} 6. Re1 {[%emt 0:05:27]} d6 {[%emt 0:02:45]} 7. a4 {[%emt 0:04:04]} Kh8 {[%emt 0:05:39]} 8. c3 {[%emt 0:06:47]} Ng8 {[%emt 0:02:11]} 9. d4 {[%emt 0:06:28]} f5 {[%emt 0:00:11]} 10. dxe5 {[%emt 0:05:56]} fxe4 {[%emt 0:00:46]} 11. exd6 {[%emt 0:05:11]} Bxd6 {[%emt 0:04:38]} 12. Ng5 {[%emt 0:05:23]} Ne5 {[%emt 0:14:45]} 13. Bxg8 {[%emt 0:01:38]} Kxg8 {[%emt 0:07:16]} 14. Nxe4 {[%emt 0:01:45]} Bf5 {[%emt 0:30:29]} 15. Bg5 {[%emt 0:06:37]} Qd7 {[%emt 0:03:57]} 16. Nxd6 {[%emt 0:00:36]} cxd6 {[%emt 0:01:37]} 17. Qd4 {[%emt 0:02:05]} h6 {[%emt 0:11:28]} 18. Bh4 {[%emt 0:03:49]} Rfe8 {[%emt 0:06:46]} 19. Nd2 {[%emt 0:01:08]} Nd3 {[%emt 0:01:34]} 20. Rxe8+ {[%emt 0:07:04]} Rxe8 {[%emt 0:00:16]} 21. Bg3 {[%emt 0:03:17]} Re2 {[%emt 0:04:03]} 22. Nf1 {[%emt 0:04:29]} Rxb2 {[%emt 0:02:07]} 23. Ne3 {[%emt 0:02:25]} Bg6 {[%emt 0:00:42]} 24. Rd1 {[%emt 0:03:35]} Kh8 {[%emt 0:05:12]} 25. h4 {[%emt 0:02:56]} Qc6 {[%emt 0:01:17]} 26. Rxd3 {[%emt 0:02:36]} Bxd3 {[%emt 0:00:05]} 27. Qxd3 {[%emt 0:00:06]} Qxa4 {[%emt 0:00:06]} 28. Qxd6 {[%emt 0:00:20]} Rb1+ {[%emt 0:00:33]} 29. Kh2 {[%emt 0:00:18]} Qe8 {[%emt 0:01:31]} 30. Be5 {[%emt 0:07:25]} Rb6 {[%emt 0:00:09]} 31. Qc7 {[%emt 0:00:31]} Rg6 {[%emt 0:00:26]} 32. f4 {[%emt 0:02:09]} Qc6 {[%emt 0:00:49]} 33. Qd8+ {[%emt 0:01:29]} Kh7 {[%emt 0:00:01]} 34. f5 {[%emt 0:00:36]} 1-0